| 000 | 00348nam a2200109Ia 4500 | ||
|---|---|---|---|
| 008 | 170221s9999 xx 000 0 und d | ||
| 100 | _aRon Perrin | ||
| 245 | _aEditorial Volume 6 Issue 5 | ||
| 245 | _cRon Perrin, Greg Laing, and Ciorstan Smark | ||
| 650 | _xBusiness | ||
| 856 | _uhttp://ro.uow.edu.au/cgi/viewcontent.cgi?article=1394&context=aabfj | ||
| 999 |
_c307575 _d307575 |
||